Statistics for NHL Connections

Click here to take the quiz!

General Stats

  • This quiz has been taken 20 times
  • The average score is 3 of 15

Answer Stats

HintAnswer% Correct
Connor Bedard, Corey Perry, Claude Giroux, Cam FowlerC
67%
Tony Esposito,Stan Mikita, Taylor Hall, Patrick KaneChicago Blackhawks
47%
Marco Rossi, Marc Andre Fleury,Marcus Johansson, Zach BogosianMinnesota Wild
40%
Steve Rucchin, Corey Perry, Cam Fowler, Trevor ZegrasAnaheim Ducks
27%
Messier, Hasek,Pronger,McdavidHart winner
20%
John Tavares, Joe Pavelski, Claude Giroux,Steven Stamkos1000 points
13%
Mccabe,Rasmus Ristolainen,Johan Larsson,Nikita ZadorovOttawa Senators
13%
Phil Kessel, Kris Letang,Alec Martinez, Patrick Kanewon 3 cups
13%
Matthews,Marner,Tavares,Nylander10+ million contract
7%
Zach Bogosian,Dany Heatley,Ilya Kovalchuk,Marian HossaAtlanta Thrashers
7%
PK Subban, Henrik Sedin, Marc Staal, Jack Hughesbrother in NHL
7%
Rasmus Dahlin, Evan Bouchard, Andrei Svechnikov, Adam Boqvistdrafted in 2018
7%
Marc Andre Fleury, Marc Methot,Oscar Lindberg, William Karlsson, Clayton StonerExpansion draft
7%
Wayne Gretzky,Jaromir Jagr,Mark Messier,Gordie Howetop 4 in points
7%
Henrik Sedin, Henrik Lundqvist, Ron Sutter, Daniel SedinHas a twin brother
0%

Score Distribution

Percentile by Number Answered

Percent of People with Each Score

Your Score History

You have not taken this quiz